<?xml version="1.0" encoding="UTF-8"?>
<record
    xmlns:xsi="http://www.w3.org/2001/XMLSchema-instance"
    xsi:schemaLocation="http://www.loc.gov/MARC21/slim http://www.loc.gov/standards/marcxml/schema/MARC21slim.xsd"
    xmlns="http://www.loc.gov/MARC21/slim">

  <leader>01630nam a22002177a 4500</leader>
  <datafield tag="952" ind1=" " ind2=" ">
    <subfield code="0">0</subfield>
    <subfield code="1">0</subfield>
    <subfield code="2">lcc</subfield>
    <subfield code="4">0</subfield>
    <subfield code="7">0</subfield>
    <subfield code="a">09</subfield>
    <subfield code="b">09</subfield>
    <subfield code="d">2019-08-09</subfield>
    <subfield code="l">0</subfield>
    <subfield code="o">HF1379 V55 2006</subfield>
    <subfield code="p">09 005418</subfield>
    <subfield code="r">2024-03-02</subfield>
    <subfield code="t">1</subfield>
    <subfield code="w">2019-08-09</subfield>
    <subfield code="y">LB</subfield>
  </datafield>
  <datafield tag="999" ind1=" " ind2=" ">
    <subfield code="c">104408</subfield>
    <subfield code="d">104408</subfield>
  </datafield>
  <controlfield tag="005">20231102152115.0</controlfield>
  <controlfield tag="008">190809t    2006mx ||||| |||| 00| 0 spa d</controlfield>
  <datafield tag="020" ind1=" " ind2=" ">
    <subfield code="a">970701816X</subfield>
  </datafield>
  <datafield tag="050" ind1=" " ind2=" ">
    <subfield code="a">HF1379</subfield>
    <subfield code="b">V55</subfield>
  </datafield>
  <datafield tag="100" ind1=" " ind2=" ">
    <subfield code="a">Villalobos Torres, Lourdes Roc&#xED;o</subfield>
    <subfield code="e">autor</subfield>
  </datafield>
  <datafield tag="245" ind1=" " ind2=" ">
    <subfield code="a">Fundamentos de comercio internacional</subfield>
    <subfield code="c"> / Lourdes Roc&#xED;o Villalobos Torres</subfield>
  </datafield>
  <datafield tag="260" ind1=" " ind2=" ">
    <subfield code="a">M&#xE9;xico</subfield>
    <subfield code="b"> : Universidad An&#xE1;huac del Sur</subfield>
    <subfield code="b"> : Miguel &#xC1;ngel Porr&#xFA;a</subfield>
    <subfield code="c">,2006</subfield>
  </datafield>
  <datafield tag="300" ind1=" " ind2=" ">
    <subfield code="a">292 p&#xE1;ginas</subfield>
    <subfield code="b"> : ilustraciones, tablas</subfield>
  </datafield>
  <datafield tag="500" ind1=" " ind2=" ">
    <subfield code="a">Incluye: &#xED;ndice, pr&#xF3;logo, introducci&#xF3;n, conclusiones, glosario, aduana M&#xE9;xico</subfield>
  </datafield>
  <datafield tag="504" ind1=" " ind2=" ">
    <subfield code="a">Contiene: bibliograf&#xED;a (pp.285-287)</subfield>
  </datafield>
  <datafield tag="505" ind1=" " ind2=" ">
    <subfield code="a">Contenido:
-El origen del comercio internacional
-Principios del comercio internacional
-La internacionalizaci&#xF3;n de las empresas
-Actores y conceptos principales en el comercio internacional
-Pr&#xE1;ctica del comercio internacional
-An&#xE1;lisis del producto
-La distribuci&#xF3;n internacional del producto
-An&#xE1;lisis del mercado
-La estrategia del marketing internacional
-T&#xE9;rminos de comercio internacional
-Instrumentos de cobro y pagos internacionales
-Canales de distribuci&#xF3;n
-La balanza internacional de pagos
-Proceso de integraci&#xF3;n econ&#xF3;mica internacional
-La regionalizaci&#xF3;n mundial
-Organismos de cooperaci&#xF3;n internacional
-El comercio exterior en M&#xE9;xico</subfield>
  </datafield>
  <datafield tag="519" ind1=" " ind2=" ">
    <subfield code="a">Plan Flexible / </subfield>
    <subfield code="b">Relaciones Internacionales / </subfield>
    <subfield code="c">Material Complementario / </subfield>
    <subfield code="d">(09 005418)</subfield>
  </datafield>
  <datafield tag="650" ind1=" " ind2="0">
    <subfield code="a">COMERCIO INTERNACIONAL</subfield>
    <subfield code="x">EMPRESAS INTERNACIONALES</subfield>
  </datafield>
  <datafield tag="942" ind1=" " ind2=" ">
    <subfield code="2">lcc</subfield>
    <subfield code="c">LB</subfield>
  </datafield>
</record>
